Microenterprises in Developing Countries: Paper and Proceedings of an International Conferences Held in Washington, D.C., USA, 6-9 June 1988, Sponsored by the Committee of Donor Agencies for Small Enterprise Development. (Record no. 677)

MARC details
005 - DATE AND TIME OF LATEST TRANSACTION
control field 20250314170553.0
020 ## - INTERNATIONAL STANDARD BOOK NUMBER
International Standard Book Number 1 85339 016 X
082 ## - DEWEY DECIMAL CLASSIFICATION NUMBER
Classification number 338.642 LEV
245 ## - TITLE STATEMENT
Title Microenterprises in Developing Countries: Paper and Proceedings of an International Conferences Held in Washington, D.C., USA, 6-9 June 1988, Sponsored by the Committee of Donor Agencies for Small Enterprise Development.
260 ## - PUBLICATION, DISTRIBUTION, ETC.
Place of publication, distribution, etc. London,
Name of publisher, distributor, etc. Intermediate Technology publications,
Date of publication, distribution, etc. 1989.
300 ## - PHYSICAL DESCRIPTION
Extent xxxviii,274p.: ill.; figure, table
Other physical details Bibliography, References
Dimensions 22cm
700 ## - ADDED ENTRY--PERSONAL NAME
Other authors/Editors LEVITSKY, J.
942 ## - ADDED ENTRY ELEMENTS (KOHA)
Source of classification or shelving scheme Dewey Decimal Classification
Koha item type Books
Holdings
Date last seen Total checkouts Full call number Barcode Cost, replacement price Price effective from Koha item type Lost status Source of classification or shelving scheme Damaged status Not for loan Withdrawn status Home library Current library Shelving location Date acquired Cost, normal purchase price
03/14/2025   338.642 LEV 0000002681 30000.00 03/14/2025 Books   Dewey Decimal Classification       College of Business Education Main Library College of Business Education Main Library General Collection 08/16/2000 10000.00
05/29/2025   338.642 LEV 00000010440 30000.00 05/29/2025 Books   Dewey Decimal Classification       College of Business Education Main Library College of Business Education Main Library Special Reserve Collection 08/16/2000 10000.00